| 000 | 00668nam a22002297a 4500 | ||
|---|---|---|---|
| 003 | OSt | ||
| 005 | 20140310182156.0 | ||
| 008 | 130831t xxu||||| |||| 00| 0 eng d | ||
| 020 | _a0198312938 | ||
| 020 | _a978019831932 | ||
| 050 |
_aPR 1865 _b.C229 1999 |
||
| 082 |
_aHS 822.914 _bC39 1998 |
||
| 100 |
_aChaucer, Geoffrey _93707 |
||
| 245 |
_aThe Canterbury tales / _cGeoffrey Chaucer ; adapted by Martin Riley. |
||
| 260 |
_aOxford : _bOxford University Press, _cc 1998. |
||
| 300 |
_a112 p. ; _bill. ; _c22 cm. |
||
| 650 |
_aDrama, English _915977 |
||
| 650 |
_aTales, Medieval _915978 |
||
| 650 |
_aDrama, Medieval _915979 |
||
| 942 | _2lcc | ||
| 999 |
_c10103 _d10103 |
||